[Event "49th Bosna Tournament 2019"]
[Site "Sarajevo/"]
[Date "2019.04.30"]
[Round "5.5"]
[White "Hodzic, Nihad"]
[Black "Nestorovic, Nikola"]
[Result "0-1"]
[WhiteElo "2296"]
[BlackElo "2473"]
[Annotator "TA"]
[PlyCount "80"]
[EventDate "2019.03.31"]
[EventType "swiss"]
[EventCountry "BIH"]
[SourceTitle "playchess.com"]
[Source "ChessBase"]
[SourceQuality "1"]

{[%evp 12,80,34,26,25,17,29,23,36,21,24,27,32,0,18,-4,20,-2,43,43,45,40,44,10,54,59,62,52,66,51,56,48,61,61,186,0,2,-31,-38,-114,-116,-96,-114,-120,-106,-152,-122,-226,-105,-82,-34,-44,-16,-16,-23,-75,-11,-220,-212,-218,-216,-695,-695,-695,-688,-29972,-29974,-29994,-29993,-29995,-29996]} 1. d4 Nf6 2. c4 e6 3. Nc3 Bb4 4. e3 O-O 5. Bd3 d5 6. Nf3 Nc6 {[%cal Bb8c6,Bc6e7,Be7g6,Bg6f4,Bf4h3][%mdl 32]} 7. O-O h6 {E51: Nimzo-Indian: Rubinstein: 4...0-0 5 Nf3 d5} (7... dxc4 8. Bxc4 Bd6 9. Bb5 e5 10. Bxc6 exd4 11. exd4 bxc6 12. Bg5 h6 13. Bh4 Re8 14. Re1 Rxe1+ 15. Qxe1 g5 16. Bg3 Bf5 17. Ne5 Qe8 18. Rc1 Nh5 19. Na4 Qe6 {1-0 (53) Navara,D (2739)-Ivanisevic,I (2638) Minsk 2017}) 8. a3 dxc4 9. Bxc4 Bd6 {White has an edge.} 10. e4 $146 {Hoping for e5.} ({Predecessor:} 10. Bb5 e5 11. Bxc6 exd4 12. Qxd4 bxc6 13. e4 c5 14. Qc4 Be6 15. Qa4 Bd7 16. Qc4 Be6 17. Qa4 Bd7 18. Qc4 {½-½ (18) Mishuchkov,N (2394)-Torkkola,H (2122) Krakow 2012}) 10... e5 11. d5 Ne7 12. Be2 Ng6 13. Nd2 Bc5 14. Nc4 Bd7 15. Be3 Bxe3 16. Nxe3 Nf4 17. Bf3 Ne8 18. g3 Nh3+ 19. Kh1 Nd6 20. Bg2 Qg5 21. Qe2 h5 22. Rfe1 h4 (22... Qh6 $1 $14) 23. Qf1 $2 (23. Bxh3 $1 $18 Bxh3 24. g4) 23... hxg3 24. Bxh3 (24. fxg3 {is more complex.} Qh6 25. Nf5 Bxf5 26. exf5 Ng5 27. Rxe5 Rae8 28. Rxe8 Rxe8 29. f6) 24... Qh6 25. Nf5 (25. Qg2 $1 $15 Bxh3 26. Qxg3) 25... Nxf5 $1 $17 26. exf5 Bxf5 27. fxg3 Bxh3 28. Qc4 Rae8 29. Qxc7 {[#]} (29. Re2 $17 {was worth a try.}) 29... Qf6 $40 {[%mdl 128] Black attacks with force.} ({Less strong is} 29... Qd2 30. Re2 $11) (29... f5 $1 $19 {[%cal Rf5f4] White must now prevent ...f4.} 30. Qc4 (30. Qxb7 $2 f4 $19) (30. Rxe5 $2 Qd2 $19) 30... Bg4 31. d6+ Kh7) 30. Kg1 Qf3 {[%csl Gh3][%cal Rf3g2]} 31. Re2 f5 {...f4 is the strong threat.} 32. Rf2 ({Not} 32. Qxb7 $2 f4 $19) 32... Qe3 33. Qc4 {[#]} (33. d6 $11 {remains equal.}) 33... f4 ({Better is} 33... Rc8 $1 $17 {[%cal Rc8c4]} 34. Qe2 Qxe2 35. Rxe2 e4) 34. Qe4 $2 (34. d6+ $1 $11 Be6 35. Qe2) 34... Qb6 $19 {aiming for ...fxg3.} 35. Qb4 {Black should prevent Qxb6.} Qg6 36. Ne4 $2 (36. Qe4 Rf5 37. d6) 36... fxg3 37. Rxf8+ Rxf8 38. Nxg3 Qc2 {[%csl Gh3][%cal Rc2g2] Black mates.} 39. Qe4 Qf2+ 40. Kh1 Rf4 {Accuracy: White = 35%, Black = 38%.} 0-1

[Event "49th Bosna Tournament 2019"]
[Site "Sarajevo/"]
[Date "2019.04.30"]
[Round "5.6"]
[White "Bistric, Faruk"]
[Black "Kjartansson, Gudmundur"]
[Result "0-1"]
[WhiteElo "2347"]
[BlackElo "2444"]
[Annotator "ChessBase"]
[PlyCount "94"]
[EventDate "2019.03.31"]
[EventType "swiss"]
[EventCountry "BIH"]
[SourceTitle "playchess.com"]
[Source "ChessBase"]
[SourceQuality "1"]
[TimeControl "40/5400+30:1800+30"]

1. e4 {[%emt 0:00:02]} g6 {[%emt 0:00:19]} 2. f4 {[%emt 0:01:59]} d5 {[%emt 0:00:39]} 3. e5 {[%emt 0:02:34]} c5 {[%emt 0:00:28]} 4. g3 {[%emt 0:01:49]} h5 {[%emt 0:01:12]} 5. Nf3 {[%emt 0:07:00]} Nc6 {[%emt 0:09:23]} 6. Qe2 {[%emt 0:07:35]} Bg4 {[%emt 0:01:53]} 7. Qg2 {[%emt 0:01:14]} Nh6 {[%emt 0:11:46]} 8. b3 {[%emt 0:06:05]} Nf5 {[%emt 0:02:37]} 9. Bb2 {[%emt 0:01:21]} h4 {[%emt 0:11:30]} 10. e6 {[%emt 0:04:45]} f6 {[%emt 0:00:50]} 11. Nxh4 {[%emt 0:00:24]} Nxh4 {[%emt 0:13:42]} 12. gxh4 {[%emt 0:00:15]} Bxe6 {[%emt 0:00:41]} 13. Bd3 {[%emt 0:03:28]} Qd6 {[%emt 0:13:17]} 14. Bxg6+ {[%emt 0:00:44]} Kd8 {[%emt 0:00:15]} 15. Qf2 {[%emt 0:06:57]} d4 {[%emt 0:08:40]} 16. Na3 {[%emt 0:06:09]} Bd5 {[%emt 0:01:08]} 17. O-O-O {[%emt 0:02:25]} Bxh1 {[%emt 0:00:06]} 18. Rxh1 {[%emt 0:00:09]} f5 {[%emt 0:00:56]} 19. h5 {[%emt 0:03:33]} Bh6 {[%emt 0:03:25]} 20. Rf1 {[%emt 0:00:20]} Rf8 {[%emt 0:00:53]} 21. c3 {[%emt 0:00:23]} Rc8 {[%emt 0:01:18]} 22. Nc2 {[%emt 0:03:12]} e5 {[%emt 0:03:13]} 23. Kb1 {[%emt 0:07:47]} Bxf4 {[%emt 0:01:13]} 24. cxd4 {[%emt 0:00:16]} Nxd4 {[%emt 0:00:52]} 25. Nxd4 {[%emt 0:02:58]} cxd4 {[%emt 0:00:11]} 26. Bxd4 {[%emt 0:00:42]} Qxd4 {[%emt 0:00:09]} 27. Qxd4+ {[%emt 0:00:22]} exd4 {[%emt 0:00:03]} 28. Rxf4 {[%emt 0:00:11]} Rc5 {[%emt 0:04:55]} 29. Rxd4+ {[%emt 0:12:03]} Ke7 {[%emt 0:00:04]} 30. b4 {[%emt 0:03:12]} Re5 {[%emt 0:05:04]} 31. Rf4 {[%emt 0:00:18]} Kf6 {[%emt 0:01:30]} 32. h4 {[%emt 0:00:46]} Re1+ {[%emt 0:00:32]} 33. Kc2 {[%emt 0:00:12]} Ke5 {[%emt 0:00:02]} 34. Rf3 {[%emt 0:05:26]} Re4 {[%emt 0:01:47]} 35. Rh3 {[%emt 0:02:26]} Rf6 {[%emt 0:00:24]} 36. a3 {[%emt 0:01:08]} Kf4 {[%emt 0:01:40]} 37. Kd1 {[%emt 0:01:00]} Ke5 {[%emt 0:00:28]} 38. Rh1 {[%emt 0:02:35]} Rd6 {[%emt 0:00:59]} 39. Rf1 {[%emt 0:02:02]} Rf4 {[%emt 0:00:37]} 40. Re1+ {[%emt 0:00:00]} Re4 {[%emt 0:00:00]} 41. Rh1 {[%emt 0:06:54]} Kf6 {[%emt 0:03:30]} 42. Rh2 {[%emt 0:05:18]} Rd3 {[%emt 0:02:52]} 43. Rf2 {[%emt 0:01:06]} Rd5 {[%emt 0:00:55]} 44. Rh2 {[%emt 0:05:01]} Rdd4 {[%emt 0:01:02]} 45. Rf2 {[%emt 0:01:01]} Rf4 {[%emt 0:00:13]} 46. Re2 {[%emt 0:00:24]} Rde4 {[%emt 0:01:13]} 47. Rxe4 {[%emt 0:00:24]} Rxe4 {[%emt 0:00:12]} 0-1

[Event "49th Bosna Tournament 2019"]
[Site "Sarajevo/"]
[Date "2019.04.30"]
[Round "5.7"]
[White "Bilic, Vladimir"]
[Black "Soysal, Serkan"]
[Result "0-1"]
[WhiteElo "2343"]
[BlackElo "2424"]
[Annotator "TA"]
[PlyCount "136"]
[EventDate "2019.03.31"]
[EventType "swiss"]
[EventCountry "BIH"]
[SourceTitle "playchess.com"]
[Source "ChessBase"]
[SourceQuality "1"]

{[%evp 13,136,9,6,0,-3,-4,-10,-12,-18,-12,-22,-41,-47,-47,-47,-48,-41,-85,-21,-18,-2,-39,-27,-31,-16,-22,0,-43,0,-22,-4,-38,0,7,12,-22,0,-36,-27,-46,-38,-54,-48,-57,-28,-31,-31,-31,-31,-31,-31,-31,-29,-26,-21,-24,-23,-29,-33,-79,-79,-102,-102,-101,-101,-102,-82,-74,-73,-85,-99,-172,-163,-154,-94,-114,-114,-114,-63,-63,-63,-63,-63,-63,-63,-63,-63,-63,-30,-30,-37,-45,-45,-45,-21,-461,-454,-29957,-29960,-29954,-29958,-29954,-29956,-29970,-29971,-29969,-29969,-29972,-29973,-29972,-29975,-29975,-29976,-29976,-29977,-29977,-29976,-29976,-29977,-29977,-29978,-29978,-29979,-29978,-29980]} 1. e4 e6 2. d4 d5 3. Nd2 h6 4. Ngf3 Nf6 5. exd5 exd5 6. Bd3 Bd6 7. O-O O-O 8. Ne5 {C01: French: Exchange Variation} c5 9. c3 Nc6 10. Ndf3 {The position is equal.} cxd4 11. Nxc6 $1 bxc6 12. Nxd4 Re8 13. Nf5 Bc7 14. Qf3 Ne4 15. Be3 Qd7 (15... Qf6 $17 16. Nd4 Qg6) 16. Ng3 $11 {[%cal Rg3e4]} f5 17. Rfd1 Qf7 {Strongly threatening ...f4.} 18. Bf4 Bb6 19. Be3 Bc7 {Hoping for ...f4.} 20. Bf4 Bb6 21. Be3 Be6 22. Bc2 Rad8 23. Bxb6 axb6 24. Nf1 Qc7 25. Qd3 f4 26. f3 Nf6 27. Re1 Bf7 28. Nd2 g5 29. Kf2 Kg7 30. Rxe8 Rxe8 31. Re1 Rxe1 32. Kxe1 c5 {[%cal Bc6c5,Bc5c4][%mdl 32]} 33. Kd1 Qe5 34. a4 c4 35. Qe2 Nd7 36. Qxe5+ Nxe5 $15 {[%mdl 4096] Endgame KBN-KBN} 37. b3 {[#]} cxb3 $1 38. Bxb3 Nd3 39. g3 fxg3 40. hxg3 h5 41. Ke2 Nc5 42. f4 {[#]} (42. Bd1 $17) 42... gxf4 $1 $19 43. gxf4 h4 (43... Kf6 $142 44. Bc2 Bg6) 44. Bc2 $17 Bg6 45. f5 Be8 (45... Bh5+ $17 46. Ke3 Be8) 46. Kf3 $1 $15 Kf6 ({But not} 46... Bxa4 47. Bxa4 Nxa4 48. c4 $17) 47. Kg4 Bd7 48. Kxh4 Bxf5 49. Bb3 Ke5 50. Kg3 Bd7 51. Kf3 Bxa4 52. Ba2 Bd1+ 53. Ke3 b5 54. Nf1 $2 {[%mdl 8192]} (54. Bb1 $11 {and White has nothing to worry.}) 54... Ne4 $19 55. Kd3 {[#]} (55. Bb1 $19 Nxc3 56. Kd2) 55... Be2+ $1 {[%mdl 576] Deflection, Decoy. Black mates.} 56. Kxe2 Nxc3+ {[%mdl 64] Double Attack} 57. Kd3 Nxa2 {KN-KN} 58. Nd2 Nb4+ 59. Kc3 Nc6 60. Kd3 d4 61. Nb3 Kd5 62. Kc2 Ne5 63. Kd2 Nd7 64. Kc2 Nc5 65. Nd2 d3+ 66. Kc3 Ne4+ 67. Kxd3 Nxd2 {[%mdl 64] Overworked Piece} 68. Kxd2 Kd4 {Accuracy: White = 55%, Black = 68%.} 0-1

[Event "49th Bosna Tournament 2019"]
[Site "Sarajevo/"]
[Date "2019.04.30"]
[Round "5.8"]
[White "Savanovic, Aleksandar"]
[Black "Sutkovic, Damir"]
[Result "1/2-1/2"]
[WhiteElo "2423"]
[BlackElo "2350"]
[Annotator "ChessBase"]
[PlyCount "25"]
[EventDate "2019.03.31"]
[EventType "swiss"]
[EventCountry "BIH"]
[SourceTitle "playchess.com"]
[Source "ChessBase"]
[SourceQuality "1"]
[TimeControl "40/5400+30:1800+30"]

1. e4 {[%emt 0:00:00]} c5 {[%emt 0:00:00]} 2. Nf3 {[%emt 0:00:00]} e6 {[%emt 0:00:02]} 3. d4 {[%emt 0:00:00]} cxd4 {[%emt 0:00:05]} 4. Nxd4 {[%emt 0:00:00]} a6 {[%emt 0:00:05]} 5. Bd3 {[%emt 0:00:31]} g6 {[%emt 0:00:18]} 6. O-O {[%emt 0:03:07]} Bg7 {[%emt 0:00:19]} 7. Nf3 {[%emt 0:00:06]} Nc6 {[%emt 0:02:15]} 8. c4 {[%emt 0:04:44]} Nge7 {[%emt 0:01:17]} 9. Nc3 {[%emt 0:04:32]} O-O {[%emt 0:00:57]} 10. Re1 {[%emt 0:17:10]} d5 {[%emt 0:15:15]} 11. cxd5 {[%emt 0:17:39]} exd5 {[%emt 0:00:09]} 12. h3 {[%emt 0:02:46]} dxe4 {[%emt 0:19:49]} 13. Bxe4 {[%emt 0:03:21]} 1/2-1/2

[Event "49th Bosna Tournament 2019"]
[Site "Sarajevo/"]
[Date "2019.04.30"]
[Round "5.9"]
[White "Vajic, Goran"]
[Black "Subelj, Jan"]
[Result "1/2-1/2"]
[WhiteElo "2280"]
[BlackElo "2407"]
[Annotator "ChessBase"]
[PlyCount "71"]
[EventDate "2019.03.31"]
[EventType "swiss"]
[EventCountry "BIH"]
[SourceTitle "playchess.com"]
[Source "ChessBase"]
[SourceQuality "1"]
[TimeControl "40/5400+30:1800+30"]

1. e4 e5 2. Nf3 Nc6 3. d4 exd4 4. Bc4 Bc5 5. c3 Nf6 6. cxd4 Bb4+ 7. Bd2 Bxd2+ 8. Nbxd2 d5 9. exd5 Nxd5 10. Qb3 Nce7 11. O-O O-O 12. Rfe1 Nb6 13. Rac1 Nxc4 14. Nxc4 Nd5 15. Ne3 Nb6 16. d5 Bd7 17. Nd4 Qf6 18. Qb4 Rfe8 19. Nb5 Bxb5 20. Qxb5 a6 21. Qb3 Re7 22. Red1 Rd7 23. d6 Rxd6 24. Rxc7 Rxd1+ 25. Qxd1 Qxb2 26. Rxb7 Qf6 27. Qb1 Nc8 28. Nd5 Qd8 29. Qb3 Nd6 30. Rb6 Nb5 31. Qc4 Rb8 32. Rxb8 Qxb8 33. a4 Nd6 34. Qxa6 Qb1+ 35. Qf1 Qb3 36. Qd1 1/2-1/2

[Event "49th Bosna Tournament 2019"]
[Site "Sarajevo/"]
[Date "2019.04.30"]
[Round "6.1"]
[White "Nestorovic, Nikola"]
[Black "Kadric, Denis"]
[Result "1/2-1/2"]
[WhiteElo "2473"]
[BlackElo "2542"]
[Annotator "TA"]
[PlyCount "38"]
[EventDate "2019.03.31"]
[EventType "swiss"]
[EventCountry "BIH"]
[SourceTitle "playchess.com"]
[Source "ChessBase"]
[SourceQuality "1"]

{[%evp 15,38,22,30,1,25,-57,-39,-35,-40,-55,-58,-58,-62,-39,-41,-59,0,0,0,0,0,0,0,-2,25]} 1. d4 d6 2. e4 Nf6 3. Nc3 g6 4. Bg5 c6 5. f4 Bg7 6. Nf3 O-O 7. Qd2 b5 8. Bd3 Bg4 9. a3 {B07: Pirc Defence: Miscellaneous Systems} (9. f5 b4 10. Ne2 d5 11. h3 dxe4 12. hxg4 exd3 13. Bxf6 exf6 14. Qxd3 Re8 15. Kf2 Nd7 16. Rh3 Qe7 {½-½ (48) Vallejo Pons,F (2707)-Spraggett,K (2544) Caleta 2014}) 9... Nbd7 $146 ({Predecessor:} 9... Bxf3 10. gxf3 Nh5 11. Ne2 f6 12. Bh4 Bh6 13. Bf2 e6 14. Be3 {1-0 (36) Wee,C (2048)-Martinsen,S (2166) Krakow 2012}) 10. e5 ({Better is} 10. f5 $11) 10... Bxf3 $1 $15 11. gxf3 {Black is slightly better.} Nh5 12. f5 dxe5 13. d5 cxd5 14. Nxd5 Ndf6 15. Nxf6+ exf6 (15... Bxf6 $15 16. O-O-O Qc7) 16. Be3 $11 {The position is equal.} Qc7 17. O-O-O $1 Rab8 18. Be4 Rfd8 19. Qb4 a5 {Accuracy: White = 58%, Black = 76%.} 1/2-1/2

[Event "49th Bosna Tournament 2019"]
[Site "Sarajevo/"]
[Date "2019.04.30"]
[Round "6.2"]
[White "Sadikhov, Ulvi"]
[Black "Predojevic, Borki"]
[Result "1/2-1/2"]
[WhiteElo "2479"]
[BlackElo "2621"]
[Annotator "TA"]
[PlyCount "35"]
[EventDate "2019.03.31"]
[EventType "swiss"]
[EventCountry "BIH"]
[SourceTitle "playchess.com"]
[Source "ChessBase"]
[SourceQuality "1"]

{[%evp 16,30,8,8,17,11,14,3,21,0,0,0,0,0,0,0,12]} 1. e4 e5 2. Nf3 Nc6 3. Bb5 g6 4. d4 exd4 5. Bg5 Be7 6. Bxe7 Qxe7 7. Bxc6 dxc6 8. Qxd4 Nf6 9. Nc3 {The position is equal.} Bg4 {C60: Ruy Lopez: Unusual Black 3rd moves and 3...g6} 10. Nd2 c5 11. Qe3 O-O-O 12. h3 (12. f3 Be6 13. O-O-O b6 14. Rhe1 Kb8 15. h3 Rd4 16. f4 Rhd8 17. g4 {0-1 (42) Guseinov,G (2664)-Esipenko,A (2593) Skopje 2018}) 12... Bd7 13. O-O-O Bc6 14. f3 b6 15. Nc4 Nh5 {[#]} {Predecessor:} 16. Rxd8+ $146 Rxd8 17. Rd1 Rxd1+ 18. Kxd1 {½-½ (26) Magem Badals,J (2522)-Asis Gargatagli,H (2529) Barcelona 2019} 1/2-1/2

[Event "49th Bosna Tournament 2019"]
[Site "Sarajevo/"]
[Date "2019.04.30"]
[Round "6.3"]
[White "Soysal, Serkan"]
[Black "Djukic, Nikola"]
[Result "1/2-1/2"]
[WhiteElo "2424"]
[BlackElo "2566"]
[Annotator "TA"]
[PlyCount "155"]
[EventDate "2019.03.31"]
[EventType "swiss"]
[EventCountry "BIH"]
[SourceTitle "playchess.com"]
[Source "ChessBase"]
[SourceQuality "1"]

{[%evp 9,155,-7,19,25,24,12,16,27,23,27,8,0,0,0,27,0,40,16,37,25,62,57,90,98,92,93,118,120,141,106,158,166,146,49,41,37,41,9,8,6,5,4,16,0,0,0,0,0,0,0,0,0,0,0,0,0,0,0,0,0,0,0,0,0,0,0,0,-18,-18,-19,-19,-36,-36,-36,-36,-43,0,0,0,0,0,-18,-18,-18,-18,-18,-18,-18,-18,-18,0,-18,-18,-18,-18,-18,-18,-18,-18,-18,-18,-18,-18,-18,-18,-18,-18,-18,-18,-18,-18,-18,-18,-18,-18,-18,-9,-9,-9,-9,-9,-9,-9,-9,0,-18,-18,-18,-18,-18,-18,-18,-8,-8,-8,-8,-8,-8,0,-8,-8,-8,-8,-8,-8,-8,0,0]} 1. d4 Nf6 2. c4 g6 3. Nc3 d5 4. Nf3 Bg7 5. h4 c6 6. cxd5 {D90: Grünfeld: 4 Nf3 Bg7 sidelines} cxd5 7. Bf4 Nc6 8. e3 O-O 9. Qb3 Na5 10. Qb4 Nc6 11. Qb3 Na5 12. Qb4 (12. Qa3 Nc6 {½-½ (34) Swiercz,D (2655)-Nepomniachtchi,I (2771) Astana 2019}) 12... Bf5 (12... Nc6 $5 {[%cal Rc6b4]} 13. Qb3 $11) 13. Be2 {[#]} Bg4 $146 ({Predecessor:} 13... Ne4 14. Nxe4 dxe4 15. Ne5 Rc8 16. O-O Rc2 17. Bd1 Rc8 18. Be2 Rc2 19. Bd1 Rc8 20. Be2 {½-½ (18) Mohammad,N (2441)-Karthik,V (2514) Barbera del Valles 2018}) 14. Rc1 Rc8 15. O-O Ne4 16. Nxe4 dxe4 17. Rxc8 Bxc8 {[#]} 18. Ng5 $1 Nc6 19. Qc5 e6 (19... e5 $142 20. dxe5 Bf5) 20. Nxe4 $16 Qxh4 21. Qg5 (21. Rd1 $16) 21... Qxg5 $14 22. Bxg5 h6 23. Bf6 (23. Bh4 {is more complex.} g5 24. Bg3 e5 25. d5 Ne7 26. Bc4) 23... Bxf6 24. Nxf6+ Kg7 25. Ne4 Rd8 26. f4 b6 27. Rc1 Bb7 {With the idea ...Nxd4.} 28. Bf3 Rd7 29. a3 Ne7 30. Kf2 Nd5 31. Nd2 g5 32. g3 f5 33. Bxd5 (33. b3 {keeps more tension.} Kf6 34. Rh1 g4 35. Rxh6+ Kg7 36. Bxd5 Bxd5 37. Rh4) 33... Bxd5 34. Nf3 gxf4 35. exf4 Bxf3 36. Kxf3 Rxd4 $11 {[%mdl 4096] Endgame KR-KR} 37. Rc7+ Kf6 38. Rxa7 Rd3+ 39. Kg2 Rb3 40. a4 Rxb2+ 41. Kf3 Rb3+ 42. Kg2 h5 43. a5 {The position is equal.} bxa5 44. Rxa5 Rb2+ 45. Kf3 Rh2 46. Ra8 h4 47. gxh4 Rxh4 48. Kg3 Rh7 49. Rf8+ Rf7 50. Ra8 Rc7 51. Ra6 Rc3+ 52. Kf2 Ke7 53. Ke2 Kd7 54. Rb6 Rc6 55. Rb7+ Kd6 56. Rb5 Rc5 57. Rb6+ Kd5 58. Kd3 Ra5 59. Ke3 Ra3+ 60. Kf2 Rc3 61. Rb5+ Rc5 62. Rb6 Rc6 63. Rb5+ Ke4 64. Rb4+ Kd3 {[#] ...Rc4 is the strong threat.} 65. Kf3 Rc3 66. Ra4 Rc1 (66... Rb3 {keeps more tension.} 67. Kf2 Rb2+ 68. Kf3 Rh2 69. Ra3+ Kd4) 67. Ra3+ Kd4 68. Ra4+ Rc4 69. Ra6 Rc3+ 70. Kf2 Ke4 71. Rxe6+ Kxf4 72. Ra6 $1 Kg4 73. Rg6+ Kf4 74. Ra6 $1 Rc2+ 75. Kf1 Kg4 76. Ra4+ f4 {Strongly threatening ...Kg3.} 77. Ra3 f3 {Hoping for ...Kg3.} 78. Ra8 {Accuracy: White = 72%, Black = 72%.} 1/2-1/2

[Event "49th Bosna Tournament 2019"]
[Site "Sarajevo/"]
[Date "2019.04.30"]
[Round "6.4"]
[White "Brkic, Ante"]
[Black "Borsuk, Konstantin"]
[Result "1-0"]
[WhiteElo "2560"]
[BlackElo "2368"]
[Annotator "TA"]
[PlyCount "37"]
[EventDate "2019.03.31"]
[EventType "swiss"]
[EventCountry "BIH"]
[SourceTitle "playchess.com"]
[Source "ChessBase"]
[SourceQuality "1"]

{[%evp 21,37,123,112,109,106,93,108,108,93,66,78,99,133,64,1349,1322,1233,1214]} 1. e4 e6 2. d4 d5 3. Nc3 Bb4 4. e5 Qd7 5. a3 Bxc3+ 6. bxc3 b6 7. Qg4 f5 8. Qg3 Ba6 9. Bxa6 Nxa6 10. Ne2 O-O-O 11. a4 Nb8 12. a5 {C16: French: 3 Nc3 Bb4 4 e5: Lines without ...c5} Nc6 13. Qd3 (13. axb6 cxb6 14. O-O Kb7 15. Nf4 g6 16. Qd3 Nge7 17. Qa6+ Kb8 18. Ba3 Nc8 19. Rfb1 Rhe8 {0-1 (44) Saric,I (2648)-Tratar,M (2452) Bled 2017}) 13... Nxa5 14. Rxa5 {White is better.} ({Much worse is} 14. Bg5 $6 Re8 $11) 14... bxa5 {[#]} 15. Qa6+ $1 Kb8 16. Nf4 $146 {[%mdl 1024] White has strong compensation.} ({Predecessor:} 16. Ba3 c6 17. Qxa5 Ka8 18. Nc1 Rb8 19. Nb3 Rb5 {0-1 (54) Ozcan,S (1874)-Sipahioglu,I (2006) Kocaeli 2008}) 16... c6 17. Ba3 (17. Qxa5 $16 {Threatens to win with Nxe6!} Nh6 18. Nd3) 17... g5 $2 {[%mdl 8192]} (17... Ka8 $14) 18. Bd6+ $18 Ka8 {[#]} 19. Nxe6 $1 {[%mdl 576] Double Attack} 1-0

[Event "49th Bosna Tournament 2019"]
[Site "Sarajevo/"]
[Date "2019.04.30"]
[Round "6.5"]
[White "Kjartansson, Gudmundur"]
[Black "Dizdarevic, Emir"]
[Result "1-0"]
[WhiteElo "2444"]
[BlackElo "2423"]
[Annotator "TA"]
[PlyCount "121"]
[EventDate "2019.03.31"]
[EventType "swiss"]
[EventCountry "BIH"]
[SourceTitle "playchess.com"]
[Source "ChessBase"]
[SourceQuality "1"]

{[%evp 20,121,29,24,35,22,33,10,24,24,25,26,33,29,31,30,30,0,31,36,81,69,59,33,41,37,107,35,35,29,21,14,8,0,67,65,81,59,60,80,100,104,104,104,104,100,109,107,162,142,151,117,113,113,106,95,96,102,112,97,113,112,187,183,200,189,199,194,193,132,133,133,133,133,126,100,228,229,217,202,184,165,201,197,606,602,719,712,588,293,290,285,721,721,732,721,1336,1343,1085,1074,1247,999,6103,5938]} 1. Nf3 Nf6 2. c4 e6 3. Nc3 d5 4. d4 Be7 5. Bf4 O-O 6. Rc1 c6 7. e3 Nbd7 8. Bd3 b6 9. cxd5 exd5 10. O-O Bb7 11. h3 Re8 {D35: Queen's Gambit Declined: Exchange Variation} (11... a6 12. Bh2 c5 13. dxc5 bxc5 14. Qb3 Bc6 15. Qc2 Re8 16. Rfd1 Bf8 17. Ng5 g6 18. e4 Nxe4 19. Ncxe4 dxe4 20. Bxe4 Bxe4 21. Nxe4 {1-0 (69) Donchenko,A (2612)-Kaczur,F (2482) Riga 2018}) 12. Qe2 Nf8 13. Ne5 $146 ({Predecessor:} 13. Rfd1 Ng6 14. Bh2 Bd6 15. Bxd6 Qxd6 16. Ba6 Qd7 17. Bxb7 Qxb7 18. b4 h6 19. a4 {0-1 (43) Demel,P (1949)-Nuessel,G (2138) Bayern 2007}) 13... Bd6 {The position is equal.} 14. Rfd1 Ng6 15. Nxg6 hxg6 16. Qf3 Qe7 17. Rc2 Rad8 18. a3 Bxf4 19. Qxf4 c5 20. Bb5 Rf8 21. dxc5 bxc5 22. Rcd2 Qe6 (22... Ba8 $14) 23. Be2 ({Better is} 23. Qc7 $16 Qc8 24. Qa5) 23... Rd7 $14 24. Bf3 Rfd8 25. Na4 Qc6 26. Nc3 {[%cal Ba4c3,Bc3e2,Be2d4][%mdl 32]} a5 (26... Qe6 $11) 27. Rc1 Rd6 28. b4 axb4 29. axb4 g5 30. Qxg5 cxb4 31. Ne2 Qb6 32. Nd4 Bc8 33. Rb2 $40 {[%mdl 128] White goes for the king.} Ne4 (33... Qb7 $16 34. h4 Rf8) 34. Bxe4 dxe4 35. Qc5 Qxc5 36. Rxc5 Rb6 37. Rc6 Rxc6 38. Nxc6 $16 {[%mdl 4096] Endgame KRB-KRN} Rd1+ 39. Kh2 {Hoping for Ne7+.} Bd7 40. Nd4 Bc8 (40... g5 $16 {keeps fighting.} 41. g3 (41. Rxb4 Kf8 $16) 41... f5) 41. Rxb4 $18 Ba6 42. Nf5 Rd2 43. Kg3 ({Resist} 43. Rxe4 $6 Rxf2 44. Nd6 Rf6 $14) 43... g6 {[#]} 44. Nd4 (44. Rd4 $1 $18 {[%cal Rd4d2]} Rxd4 45. Nxd4) 44... Rd1 45. Rb2 Kg7 46. h4 Rh1 47. Nb3 f5 (47... Bf1 $16) 48. Nc5 Bc4 49. Rb4 Bd5 50. Rb6 Bf7 51. Nd7 Rd1 $2 (51... Be8) 52. Ne5 Be8 53. Rb8 Ba4 54. Rb7+ (54. Kf4 $142 Kh6 55. Rh8+ Kg7 56. Ra8) 54... Kf6 55. Kf4 Be8 $2 (55... Rd6 56. g4 fxg4 57. Nxg4+ Ke6) 56. Rb6+ {White is clearly winning.} Kg7 57. Re6 Rd2 58. Rxe8 Rxf2+ 59. Kg3 Re2 60. Re6 Rxe3+ {[#]} 61. Kf4 $1 {Accuracy: White = 64%, Black = 34%.} 1-0

[Event "49th Bosna Tournament 2019"]
[Site "Sarajevo/"]
[Date "2019.04.30"]
[Round "6.6"]
[White "Kozul, Zdenko"]
[Black "Vajic, Goran"]
[Result "1-0"]
[WhiteElo "2589"]
[BlackElo "2280"]
[Annotator "TA"]
[PlyCount "41"]
[EventDate "2019.03.31"]
[EventType "swiss"]
[EventCountry "BIH"]
[SourceTitle "playchess.com"]
[Source "ChessBase"]
[SourceQuality "1"]

{[%evp 14,57,50,37,39,24,21,22,33,32,40,33,102,106,148,147,150,134,170,144,190,192,191,194,193,164,158,151,166,168,212,206,202,211,315,343,382,375,359,361,485,494,479,468,553,539]} 1. d4 e6 2. c4 f5 3. g3 Nf6 4. Bg2 c6 5. Nh3 Be7 6. O-O O-O 7. b3 d6 8. Nc3 e5 {A91: Classical Dutch: Early Deviations} 9. d5 Qc7 $146 ({Predecessor:} 9... Ne4 10. Nxe4 fxe4 11. Be3 c5 12. Kh1 Bf5 13. Qd2 Nd7 14. f3 exf3 15. Rxf3 Qe8 16. Bg5 h6 17. Bxe7 {½-½ (17) Timoscenko,G (2455)-Dreev,A (2495) Frunze 1988}) 10. e4 Na6 {The position is equal.} 11. exf5 Bxf5 12. Ng5 Nc5 (12... Qd7 $14) 13. b4 $16 {[%cal Bb3b4,Bb4b5][%mdl 32]} Na6 {[#]} 14. dxc6 $1 bxc6 15. b5 Nb4 16. bxc6 h6 17. Nb5 Qa5 {[#]} 18. Bd2 $1 ({Not} 18. Nxd6 Bxd6 19. Qxd6 Rad8 $17) 18... a6 19. a3 $36 {[%mdl 2048] White is on the roll.} axb5 20. Bxb4 Qc7 21. Bd5+ {Played: Ng5-e4} 1-0